000 01030nam a2200277 a 4500
001 929
003 BR-CuiBMT
005 20231212160118.0
008 231123s2018 mgba 000 0 por d
020 _a9788545005926
040 _aBR-CuiBMT
_cBR-CuiBMT
080 _a35.086:343.35
_22007
090 _a35.086:343.35
_bA524i
_c2. ed.
100 1 _aAmorim Junior, Sílvio Roberto Oliveira de
245 1 0 _aImprobidade administrativa :
_bprocedimento, sanções e aplicação racional /
_cSilvio Roberto Oliveira de Amorim Junior.
250 _a2. ed., rev., ampl. e atual.
260 _aBelo Horizonte :
_bFórum,
_c2018.
300 _a170 p. :
_bil. ;
_c22 cm
500 _aAtualizado de acordo com o novo Código de Processo Civil e com a Lei Complementar nº 157/2016.
504 _aInclui índice.
650 _aImprobidade administrativa
_zBrasil
650 _aSanção administrativa
_xDireito administrativo
_zBrasil
650 _aDireito público
_zBrasil
650 _aDireito administrativo
_zBrasil
942 _2udc
_cLV
999 _c929
_d929